Statistics for Cities to Bid for Olympic Host City

Click here to take the quiz!

General Stats

  • This quiz has been taken 209 times
  • The average score is 51 of 88

Answer Stats

CountryAnswer% Correct
FranceParis
99%
GreeceAthens
97%
GermanyBerlin
94%
ItalyRome
94%
United KingdomLondon
92%
United StatesLos Angeles
91%
JapanTokyo
91%
AustraliaSydney
90%
United StatesNew York City
89%
NetherlandsAmsterdam
88%
SwedenStockholm
88%
SpainBarcelona
87%
ChinaBeijing
87%
FinlandHelsinki
87%
AustraliaMelbourne
87%
GermanyMunich
87%
BrazilRio de Janeiro
87%
SpainMadrid
86%
United StatesChicago
85%
United StatesAtlanta
84%
NorwayOslo
84%
BelgiumBrussels
83%
ItalyMilan
83%
RussiaMoscow
83%
CanadaToronto
83%
CanadaVancouver
83%
HungaryBudapest
82%
MexicoMexico City
81%
CanadaMontreal
81%
AustriaVienna
79%
ArgentinaBuenos Aires
77%
TurkeyIstanbul
77%
South KoreaSeoul
77%
Czech RepublicPrague
76%
South AfricaCape Town
75%
CubaHavana
74%
FranceLyon
72%
JapanOsaka
72%
BelgiumAntwerp
71%
United StatesSt. Louis
71%
ItalyTurin
69%
United KingdomManchester
68%
SerbiaBelgrade
66%
Bosnia and HerzegovinaSarajevo
66%
CanadaCalgary
64%
United StatesSalt Lake City
64%
United StatesSan Francisco
64%
EgyptAlexandria
63%
United StatesDetroit
61%
AustraliaBrisbane
59%
United StatesPhiladelphia
58%
JapanSapporo
57%
BulgariaSofia
56%
RussiaSochi
55%
AustriaInnsbruck
53%
United StatesDenver
52%
United StatesLake Placid
45%
NorwayLillehammer
44%
JapanNagano
44%
SwitzerlandSt. Moritz
42%
CanadaQuebec City
38%
United StatesAlbertville
37%
United StatesBirmingham
36%
United StatesMinneapolis
36%
AustriaSalzburg
36%
FranceChamonix
35%
FranceGrenoble
35%
SwedenGothenburg
34%
JapanNagoya
34%
United StatesCleveland
31%
FranceLausanne
31%
United StatesSquaw Valley
31%
GermanyGarmisch-Partenkirchen
29%
ItalyCortina d'Ampezzo
25%
ChinaPyeongchang
21%
United StatesBaltimore
15%
FinlandTampere
15%
FranceAnnecy
14%
United StatesAnchorage
12%
FinlandLahti
9%
SpainJaca
8%
SwedenOstersund
6%
CanadaBanff
5%
United StatesColorado Springs
5%
SwedenFalun
5%
SwitzerlandSion
5%
ItalyAosta
3%
GermanyBerchtesgaden
2%

Score Distribution

Percentile by Number Answered

Percent of People with Each Score

Your Score History

You have not taken this quiz